LEADER 00706nam0 2200217 450 001 000009520 005 20080408095223.0 100 $a20080408d1967----km-y0itay50------ba 101 0 $aita 102 $aIT 105 $ay-------001-y 200 1 $a<< Le >>gestioni comuni$e(gestioni societarie associazioni in partecipazione aziende divise gestioni speciali)$fAldo Amaduzzi 210 $aTorino$cUnione tipografico-editrice torinese$d(stampa 1967) 215 $aXVI, 433 p. 676 $a658.1$v20 700 1$aAmaduzzi,$bAldo$0440681 801 0$aIT$bUNIPARTHENOPE$c20080408$gRICA$2UNIMARC 912 $a000009520 951 $a658.1/104$b16875$cNAVA1 996 $aGestioni comuni$9196220 997 $aUNIPARTHENOPE